Five Countries with the Most in the 23-24 Top 5 Football League - Statistics

General Stats
  • This quiz has been taken 85 times
  • The average score is 22 of 27
Answer Stats
# Country % Correct
74 Argentina
100%
90 Brazil
100%
190 England
100%
299 France
100%
282 Germany
99%
214 Italy
99%
6 Mexico
97%
24 United States
97%
17 Colombia
96%
345 Spain
96%
7 Canada
94%
24 Uruguay
94%
6 Chile
93%
16 Japan
93%
2 Australia
90%
2 New Zealand
90%
6 South Korea
90%
26 Nigeria
86%
36 Senegal
82%
35 Morocco
80%
27 Ghana
79%
36 Ivory Coast
76%
2 Iran
73%
6 Jamaica
69%
2 Uzbekistan
25%
2 Syria
21%
4 Guadeloupe
4%
No matching quizzes found
Score Distribution
Percent of People with Each Score
Percentile by Number Answered
Your Score History
You have not taken this quiz